Globalizace víc než módní termín?

Teoretické vymedzenie pojmu globalizácia. Základné fakty o postupujúcej globalizácii. Komplementarita kontra diverzita. Decentralizácia a koncentrácia. Globalizácia a bezpečnosť.

Saved in:
Bibliographic Details
Main Author: Robejšek, Petr
Format: Book Chapter
Language:Czech
Subjects:
Tags: Add Tag
No Tags, Be the first to tag this record!

MARC

LEADER 00000naa a2200000 4500
001 r032974
005 20230927115934.4
041 0 |a cze 
044 |a CZ 
245 1 0 |a Globalizace víc než módní termín?  |c Petr Robejšek 
520 |a Teoretické vymedzenie pojmu globalizácia. Základné fakty o postupujúcej globalizácii. Komplementarita kontra diverzita. Decentralizácia a koncentrácia. Globalizácia a bezpečnosť. 
610 2 0 |a globalizácia 
610 2 0 |a technológie informačné 
610 2 0 |a centralizácia 
610 2 0 |a decentralizácia 
610 2 0 |a konkurencia 
100 1 |a Robejšek, Petr